header

The origin of stars (Record no. 33323)

MARC details
000 -LEADER
fixed length control field 01109nam a2200301Ia 4500
100 1# - MAIN ENTRY--AUTHOR NAME
Personal name Smith, Michael D.
245 14 - TITLE STATEMENT
Title The origin of stars
260 ## - PUBLICATION, DISTRIBUTION, ETC. (IMPRINT)
Place of publication London :
Name of publisher Imperial College Press,
Year of publication c2004.
300 ## - PHYSICAL DESCRIPTION
Number of Pages xiii, 248 p. :
Other physical details ill.
500 ## - GENERAL NOTE
General note Includes index.
650 #0 - SUBJECT ADDED ENTRY--TOPICAL TERM
Topical Term Stars
Topical Term Stars
856 40 - ELECTRONIC LOCATION AND ACCESS
Uniform Resource Identifier http://site.ebrary.com/lib/rucke/Doc?id=10255971

No items available.

© 2026 Rongo University
Contact us: librarian | system librarian | Rongo university